Professional C++
With this no-nonsense book, you will learn to conquer the latest release of C++. The author deciphers little-known features of C++, shares detailed code examples that you can then plug into your own code, and reveals the significant changes to C++ that accompany the latest release. You'll disco...
Bewaard in:
| Hoofdauteur: | |
|---|---|
| Formaat: | Boek |
| Taal: | Undetermined |
| Gepubliceerd in: |
Indianapolis, IN
Wiley
2011
|
| Onderwerpen: | |
| Tags: |
Voeg label toe
Geen labels, Wees de eerste die dit record labelt!
|
| Thư viện lưu trữ: | Trung tâm Học liệu Trường Đại học Cần Thơ |
|---|
| LEADER | 01017nam a2200193Ia 4500 | ||
|---|---|---|---|
| 001 | CTU_206667 | ||
| 008 | 210402s9999 xx 000 0 und d | ||
| 020 | |c 32.89 | ||
| 082 | |a 005.133 | ||
| 082 | |b G818 | ||
| 100 | |a Gregoire, Marc | ||
| 245 | 0 | |a Professional C++ | |
| 245 | 0 | |c Marc Gregoire, Nicholas A. Solter, Scott J. Kleper | |
| 260 | |a Indianapolis, IN | ||
| 260 | |b Wiley | ||
| 260 | |c 2011 | ||
| 520 | |a With this no-nonsense book, you will learn to conquer the latest release of C++. The author deciphers little-known features of C++, shares detailed code examples that you can then plug into your own code, and reveals the significant changes to C++ that accompany the latest release. You'll discover how to design and build applications that solve real-world problems and then implement the solution using the full capabilities of the language. | ||
| 650 | |a C++ (Computer program language),C++ (Ngôn ngữ lập trình máy tính) | ||
| 980 | |a Trung tâm Học liệu Trường Đại học Cần Thơ | ||